| 000 | 00939nam a2200229Ia 4500 | ||
|---|---|---|---|
| 001 | 17004 | ||
| 005 | 20260406161126.0 | ||
| 008 | 260306t2014||||xx |||||||||||||| ||und|| | ||
| 041 | _aESP | ||
| 082 |
_a657.42 _bG23 2014 |
||
| 100 |
_aGarcía Colín, Juan _eAUT |
||
| 245 | 0 | _aContabilidad de costos | |
| 260 | _c2014 | ||
| 300 |
_axvi, 320 páginas : _c27 cm. |
||
| 650 | _aGEN | ||
| 654 | _aCCO | ||
| 856 |
_uhttps://itmsp.museknowledge.com/UCSP?url=https://www.ebooks7-24.com:443/?il=9351&pg=1 _zVersión digital (2020) |
||
| 856 |
_uhttps://0u213vc5h-y-https-ebooks7--24-com.itmsp.museknowledge.com/biblioteca.aspx _zVéase además: Base de datos Ebook7-24 |
||
| 856 |
_uhttps://0u20fvc5k-y-https-research-ebsco-com.itmsp.museknowledge.com/c/qxo6us/search _zVéase además: Base de datos EBSCOhost |
||
| 856 |
_uhttps://legal.legis.com.pe/home/Corporativo _zVéase además: Base de datos Multilegis |
||
| 942 |
_cLIB _dJUS _fJUS _2ddc |
||
| 999 |
_c17004 _d17004 |
||